000 00741cam a2200241 a 4500
001 262
003 BR-CuiBMT
005 20231028190654.0
008 230914s2014 mgb 000 0 por d
020 _a9788577008254
040 _aBR-CuiBMT
_cBR-CuiBMT
080 _a343.2
_22007
090 _a343.2
_bL864p
100 1 _aLopes, Jair Leonardo
245 1 2 _aA política criminal da "lei e da ordem" :
_banteprojeto de reforma da parte geral do código penal - uma visão crítica /
_cJair Leonardo Lopes.
260 _aBelo Horizonte :
_bFórum,
_c2014.
300 _a118 p. ;
_c22 cm
504 _aInclui bibliografia.
650 _aDireito penal
650 _aPolítica criminal
650 _aDireito processual penal
942 _2udc
_cLV
999 _c262
_d262